000 00535cam a2200217 i 4500
005 20250529123006.0
008 230719s2024 nyua 001 0 eng
020 _a9781319544706
040 _beng
_cSDCL
084 _aX R4
100 1 _aKrugman, Paul
245 1 0 _aEconomics
250 _a7th ed.
300 _axxxi, 1000p.
500 _aPrevious edition: 2021.
500 _aIncludes solutions and glossaries
650 0 _aEconomics
700 1 _aWells, Robin
700 1 _aHerzog, Ryan
_9752436
942 _2CC
_cTEXL
999 _c1309154
_d1309154